000 00469nam a2200169Ia 4500
005 20250508151738.0
008 008 250505s9999 xx 000 0 eng d
037 _aBooks to be hide in OPAC
040 _aFEDL
_beng
_cFEDL
041 _aeng
_2eng
084 _a155.4, CAM/O
_qFEDL
245 0 _aHow a child feels about entering a nursery center
300 _a9p.
650 _aMental health
942 _cHB
_h155.4, CAM/O
999 _c1331869
_d1331869